000 00964nam a2200265Ia 4500
003 OSt
005 20221029010105.0
006 a|||||r|||| 00| 0
007 ta
008 220915b |||||||| |||| 00| 0 hin d
024 _a267662
037 _cTextbook
040 _bhin
_aARTS
_cARTS
041 _ahin
082 _aO152:g, K7
100 _aकान्ति, मिथिलेश;
245 0 _aपाठालोचन: सिद्धान्त और प्रक्रिया
246 _aPāṭhālochana: siddhānta aur prakriyā
260 _aदिल्ली
_bनवीनतम प्रकाशन भारत
_c1967
300 _a186पृ0
_ccm.
650 _aहिन्दी साहित्य
700 _aकान्ति, विमलेश
942 _hO152:g, K7
_cTB
_2CC
999 _c101077
_d101077